Central Library OPAC University of Rajshahi

Contemporary business / (Record no. 15306)

MARC details
000 -LEADER
fixed length control field 00889cam a2200301 a 4500
001 - CONTROL NUMBER
control field 15306
003 - CONTROL NUMBER IDENTIFIER
rucl marc code BD-RjUL
005 - DATE AND TIME OF LATEST TRANSACTION
control field 20211208235806.0
008 - FIXED-LENGTH DATA ELEMENTS--GENERAL INFORMATION
fixed length control field 140209s1990 ilua b 001 0 eng
020 ## - INTERNATIONAL STANDARD BOOK NUMBER
International Standard Book Number 0030275598
035 ## - SYSTEM CONTROL NUMBER
System control number (BD-RjUL)15360
040 ## - CATALOGING SOURCE
Original cataloging agency DLC
Transcribing agency DLC
Modifying agency DLC
-- BD-RjUL
Language of cataloging eng
041 ## - LANGUAGE CODE
Language code of text/sound track or separate title eng
082 00 - DEWEY DECIMAL CLASSIFICATION NUMBER
Classification number 658
Edition number 19
Author mark and year BOC
100 1# - MAIN ENTRY--PERSONAL NAME
Personal name Boone, Louis E.
9 (RLIN) 47572
245 10 - TITLE STATEMENT
Title Contemporary business /
Statement of responsibility, etc. Louis E. Boone, David L. Kurtz.
250 ## - EDITION STATEMENT
Edition statement 6th ed.
260 ## - PUBLICATION, DISTRIBUTION, ETC. (IMPRINT)
Place of publication, distribution, etc. Chicago :
Name of publisher, distributor, etc. Dryden Press,
Date of publication, distribution, etc. c1990.
300 ## - PHYSICAL DESCRIPTION
Pagination xxxvii,745, [43] p. :
Illustrations col. ill. ;
Size 26 cm.
504 ## - BIBLIOGRAPHY, ETC. NOTE
Bibliography, etc Includes bibliographical references and indexes.
650 #0 - SUBJECT ADDED ENTRY--TOPICAL TERM
Topical term or geographic name as entry element Business.
9 (RLIN) 47574
Topical term or geographic name as entry element Management.
9 (RLIN) 47575
700 1# - ADDED ENTRY--PERSONAL NAME
Personal name Kurtz, David L.
942 ## - ADDED ENTRY ELEMENTS (KOHA)
Source of classification or shelving scheme Dewey Decimal Classification
Koha item type Books
Holdings
Lost status Source of classification or shelving scheme Damaged status Not for loan Collection code Permanent Location Current Location Shelving location Date acquired Source of acquisition Cost, normal purchase price Total Checkouts Full call number Date last seen Copy number Koha item type
  Dewey Decimal Classification     Non-fiction Central Library, University of Rajshahi Central Library, University of Rajshahi   05/01/1994 Asia Foundation. 0.00   658 BOC 1990 09/02/2014 C-8 Books